书目信息 |
| 题名: |
PASCAL语言程序设计习题集与上机指导
|
|
| 作者: | 谭浩强 主编 | |
| 分册: | ||
| 出版信息: | 北京 高等教育出版社 1990 |
|
| 页数: | 315页 | |
| 开本: | 26cm | |
| 丛书名: | ||
| 单 册: | ||
| 中图分类: | TP312PA | |
| 科图分类: | 73.87221 | |
| 主题词: | 程序设计-PASCAL语言--高等学校--习题 , PASCAL语言-程序设计--高等学校--习题 | |
| 电子资源: | ||
| ISBN: | ||
| 000 | 00815nam0 2200253 45 | |
| 001 | 0195005362 | |
| 005 | 20070608150317.68 | |
| 010 | @dCNY7.60@z7-04-002716-8 | |
| 100 | @a19950126d1990 y0chiy0121 ea | |
| 101 | 0 | @achi |
| 102 | @aCN@b320000 | |
| 102 | @aCN@b110000 | |
| 105 | @ay z 000yy | |
| 200 | 10 | @aPASCAL语言程序设计习题集与上机指导@APASCAL yu yan cheng xu she ji xi ti ji yu shang ji zhi dao@f谭浩强主编@Ftan hao qiang zhu bian |
| 210 | @a北京@c高等教育出版社@d1990@h1994 | |
| 215 | @a315页@d26cm | |
| 300 | @a高等学校计算机基础教育系列教材 | |
| 606 | @a程序设计-PASCAL语言@x高等学校@x习题 | |
| 606 | @aPASCAL语言-程序设计@x高等学校@x习题 | |
| 690 | @aTP312PA@v三版 | |
| 692 | @a73.87221 | |
| 701 | 0 | @a谭浩强@Atan hao qiang@4主编 |
| 801 | 0 | @aCN@bTSSF@c20070608 |
| 905 | @a10447@dTP312PA@e612 | |
| PASCAL语言程序设计习题集与上机指导/谭浩强主编.-北京:高等教育出版社,1990(1994) |
| 315页;26cm |
| 高等学校计算机基础教育系列教材 |
| ISBN :CNY7.60 |
| ● |
| 相关链接 |
|
|
|
|
正题名:PASCAL语言程序设计习题集与上机指导
索取号:TP312PA/612
 
预约/预借
| 序号 | 登录号 | 条形码 | 馆藏地/架位号 | 状态 | 备注 |
| 1 | 0517454 | 205174540 | 第二样本阅览室/ [索取号:TP312PA/612] | 在馆 | |
| 2 | 0517455 | 205174559 | 密集书库/ [索取号:TP312PA/612] | 在馆 |